Návrh koncepcie prívesného postrekovača pre kolesový traktor
Saved in:
| Main Author: | |
|---|---|
| Other Authors: | |
| Format: | Manuscript Book |
| Language: | Slovak |
| Published: |
2023
|
| Subjects: | |
| Online Access: | http://is.stuba.sk/zp/portal_zp.pl?podrobnosti=180298 |
| Tags: |
No Tags, Be the first to tag this record!
|
MARC
| LEADER | 00000ntm a22000003a 4500 | ||
|---|---|---|---|
| 001 | stuzp94630 | ||
| 003 | SK-STU | ||
| 005 | 20231205110453.7 | ||
| 007 | ta | ||
| 008 | 150427s2015----xo-----f-mn---000-0-slo-d | ||
| 040 | |a STU |b slo | ||
| 041 | 0 | |a slo | |
| 100 | 1 | |a Csery, Štefan |u 020030 |4 aut |U SjF Strojnícka fakulta |T SjF Ústav dopravnej techniky a konštruovania |X 103952 |U J0030 |Y 806 |7 103952 | |
| 242 | 0 | 1 | |a Concept design of trailed sprayer for a wheeled tractor |y eng |
| 245 | 1 | 0 | |a Návrh koncepcie prívesného postrekovača pre kolesový traktor |
| 260 | |c 2023 | ||
| 650 | 4 | |a koncepčný návrh |2 slo | |
| 650 | 4 | |a prívesný postrekovač |2 slo | |
| 650 | 4 | |a kolesový traktor |2 slo | |
| 650 | 4 | |a trailed sprayer |2 eng | |
| 650 | 4 | |a wheeled tractor |2 eng | |
| 650 | 4 | |a concept design |2 eng | |
| 700 | 1 | |a Protasov, Roman |u 020030 |k Z1 |4 ths |U SjF Strojnícka fakulta |T SjF Ústav dopravnej techniky a konštruovania |X 101680 |U J0030 |Y 806 |7 101680 | |
| 856 | 4 | |u http://is.stuba.sk/zp/portal_zp.pl?podrobnosti=180298 | |
| 996 | |b 284J047269 |c J* 3509/DBP |l JJSK |s A |a 24 |w stuzp94630_0001 | ||